Capitals Without the Letters of “Dhaka” - Statistics

General Stats
  • This quiz has been taken 2 times
  • The average score is 20 of 28
Answer Stats
Continents Capitals % Correct
Asia Beijing
100%
Asia Beirut
100%
Africa Freetown
100%
South America Georgetown
100%
Africa Lomé
100%
Africa Moroni
100%
Europe Oslo
100%
Africa Port Louis
100%
Africa Porto-Novo
100%
South America Quito
100%
South America Sucre
100%
Africa Tripoli
100%
Oceania Wellington
100%
Europe Berlin
50%
Europe Bern
50%
Europe Brussels
50%
Africa Libreville
50%
Africa Lilongwe
50%
Europe Lisbon
50%
Europe Luxembourg
50%
North America Mexico City
50%
Oceania Port Moresby
50%
Europe Rome
50%
Asia Seoul
50%
Asia Tbilisi
50%
Africa Tunis
50%
Europe Vilnius
50%
Europe Moscow
0%
No matching quizzes found
Score Distribution
Percent of People with Each Score
Percentile by Number Answered
Your Score History
You have not taken this quiz